| 000 | 00645nam a2200217Ia 4500 | ||
|---|---|---|---|
| 005 | 20220622124818.0 | ||
| 008 | 131103s9999 xx 000 0 und d | ||
| 020 | _a131015184 | ||
| 040 | _aLoreto College | ||
| 041 | _aEnglish | ||
| 082 |
_a304.2 _bKNO |
||
| 100 | _aKnox, Paul L. | ||
| 245 |
_aPlaces and regions in global context _b Human Geography _cPaul L. Knox and Sallie A. Marston |
||
| 250 | _a3rd ed | ||
| 260 |
_aUpper Saddle River, NJ _bPearson Education Inc. _c2004 |
||
| 300 |
_axxviii,530p _b illus |
||
| 504 | _aIncludes bibliographical references and index | ||
| 650 | _aHuman Geography | ||
| 850 | _aLCLIB | ||
| 942 | _cBK | ||
| 999 |
_c8867 _d59346 |
||